Compiladores: teoría e implementación
Gespeichert in:
| 1. Verfasser: | |
|---|---|
| Format: | Buch |
| Sprache: | Spanisch |
| Veröffentlicht: |
Cuernavaca
Alfaomega
2010
|
| Ausgabe: | 1a. ed |
| Schlagworte: | |
| Tags: |
Tag hinzufügen
Keine Tags, Fügen Sie den ersten Tag hinzu!
|
MARC
| LEADER | 00000cam a2200000 a 4500 | ||
|---|---|---|---|
| 001 | UCF9495 | ||
| 003 | CL-VaPUC | ||
| 008 | 131125e20100600mx |||||||||||||||||spa|d | ||
| 020 | |a 9786077854685 | ||
| 082 | 0 | 4 | |a 005.453 |b RUI |2 21 |
| 100 | 0 | |a Ruiz Catalán, Jacinto |e author |9 571834 | |
| 245 | 1 | 0 | |a Compiladores: teoría e implementación |
| 250 | |a 1a. ed | ||
| 300 | |a 423 p | ||
| 942 | |c BK | ||
| 945 | |d 20131125 03:22:00 |a dcastane | ||
| 260 | |a Cuernavaca |b Alfaomega |c 2010 | ||
| 650 | 7 | |a COMPILADORES |2 CL-VaPUC |9 259529 | |
| 650 | 7 | |a PROTOTIPOS |2 CL-VaPUC |9 470749 | |
| 650 | 0 | |a Lenguajes de programación |9 259458 | |
| 583 | |a last modification |c 20131125 03:22:00 |k Rodrigo Vera | ||
| 999 | |c 353938 |d 353936 | ||
| 952 | |0 0 |1 0 |3 erb |4 0 |6 005_453000000000000_RUI_2010 |7 0 |8 A |9 459437 |a BIBING |b BIBING |i 5030358 |o 005.453 RUI 2010 |p 5030358 |r 2025-01-20 |w 2019-11-23 |y BK |z Catalogado en:20131125 |k CCI | ||
| 952 | |0 0 |1 0 |3 erb |4 0 |6 005_453000000000000_RUI_2010 |7 0 |8 A |9 459438 |a BIBING |b BIBING |i 5030366 |o 005.453 RUI 2010 |p 5030366 |r 2025-01-20 |w 2019-11-23 |y BK |z Catalogado en:20131125 |k CCI | ||
| 952 | |0 0 |1 0 |3 erb |4 0 |6 005_453000000000000_RUI_2010 |7 0 |8 A |9 459439 |a BIBING |b BIBING |i 5030374 |o 005.453 RUI 2010 |p 5030374 |r 2025-01-20 |w 2019-11-23 |y BK |z Catalogado en:20131125 |k CCI | ||
| 952 | |0 0 |1 0 |3 erb |4 0 |6 005_453000000000000_RUI_2010 |7 0 |8 A |9 459440 |a BIBING |b BIBING |i 5030382 |o 005.453 RUI 2010 |p 5030382 |r 2025-01-20 |w 2019-11-23 |y BK |z Catalogado en:20131125 |k CCI | ||
| 952 | |0 0 |1 0 |3 erb |4 0 |6 005_453000000000000_RUI_2010 |7 0 |8 A |9 459441 |a BIBING |b BIBING |i 5351081 |o 005.453 RUI 2010 |p 5351081 |r 2025-01-20 |w 2019-11-23 |y BK |z Catalogado en:20161124 |k CCI | ||